000 00392nam a22001217a 4500
999 _c3339
_d3339
005 20201125144029.0
008 201125b ||||| |||| 00| 0 eng d
020 _a0521427398
040 _cCML
245 _aStraight and Devious Pathways from Childhood to Adulthood.
_cRobins L.
260 _aNew york
_bCambridge University
_c1990
942 _2ddc
_cAUDIO
_e1st Edition
_h618
_mROB